00673nam a2200205Ia 4500008004100000020001500041082001500056100001600071245003200087250000800119260003200127300001100159500002400170650001200194700002500206942000700231952010600238952010600344999001700450230524s9999 xx 000 0 und d a9971513919 a5.743bBAR aAlan Dennis 0aSystems Analysis and Design a1ST aNEW DELHIbJohn Wileyc2002 aXI;516 aQuantity Number: 2 aComp-Sc a Barbara Haley Wixom cBK 00104070aTATCLbTATCLcGENd2023-05-24l0o005.743 BARp6395r2023-05-24w2023-05-24yBKzBCSE3304 00104070aTATCLbTATCLcGENd2023-05-24l0o005.743 BARp6396r2023-05-24w2023-05-24yBKzBCSE3304 c24606d24606